| 000 | 00369cam a22001217a 4500 | ||
|---|---|---|---|
| 008 | 180718b1961 xxu||||| |||| 00| 0 eng d | ||
| 082 | _aN120x54 C733/Med/5/2 | ||
| 245 |
_aMalaria control _cedited by B.L. Raina |
||
| 260 |
_aDelhi _bManager of Publications _c1961 |
||
| 300 | _a430p. | ||
| 500 | _aContents: Library has part 2: Preventive medicine | ||
| 700 | _aRaina, B.L. | ||
| 999 |
_c499723 _d499723 |
||